00614nam a2200217Ia 4500008004000000041000800040082001200048100002000060245003700080260001900117300001200136650001300148650001500161650000800176650001300184690002200197700001100219906001100230999001900241952013600260210210b1967 xxu||||| |||| 00| 0 eng d aeng a320/122 aDAHL (Robert A) aAmerican politics and government aMadrasbc1967 axiv,258 apolitics agovernment aand aAmerican aPolitical Science aothers a001873 c117696d117696 001040708Political ScienceaALbALcPolitical Scienced2021-02-17g3.00l0o320/122p001873r2021-02-17 00:00:00w2021-02-17yBK